[Event "WJun Girls"]
[Site "Yerevan ARM"]
[Date "2006.10.07"]
[Round "5"]
[White "Martirosyan,L"]
[Black "Pourkashiyan,A"]
[Result "1/2-1/2"]
[WhiteElo "2111"]
[BlackElo "2330"]
[EventDate "2006.10.03"]

1. d4 d5 2. Nf3 c6 3. Bf4 Nf6 4. Nbd2 Nh5 5. Be5 Nd7 6. e3 Qb6 7. Rb1 Nxe5
8. Nxe5 g6 9. Bd3 Bg7 10. O-O O-O 11. c4 c5 12. cxd5 cxd4 13. Nec4 Qd8 14.
Qf3 e6 15. exd4 Qxd5 16. g4 Nf6 17. Qf4 g5 18. Qf3 Qxd4 19. Ne4 Nxe4 20.
Qxe4 Qxe4 21. Bxe4 Rb8 22. Nd6 b6 23. Nxc8 Rbxc8 24. b3 Rfd8 25. Rfd1 Bd4
26. Rd3 Rc7 27. Rbd1 Rcd7 28. Kg2 Kg7 29. Kf3 Rd6 30. Ke2 h6 31. Kf3 Kf6
32. Kg2 Ke5 33. Re1 Bc5 34. Bf3+ Kf6 35. Rxd6 Bxd6 36. Rd1 Ke7 37. Be2 Rc8
38. Bc4 Ba3 39. Rd3 Bb2 40. a4 Rc5 41. h3 Be5 42. Kf3 Bd6 43. Ke2 Bf4 44.
Kf3 Rc8 45. Rc3 Be5 46. Re3 Bd6 47. Kg2 Rh8 48. Be2 Bf4 49. Rc3 Rd8 50. Kf3
Rd2 51. Rc8 Rb2 52. Rc3 Bd6 53. Bd1 Rd2 54. Be2 Bc5 55. b4 Bxb4 56. Rc7+
Rd7 57. Rxd7+ Kxd7 58. Ke4 Kd6 59. Bb5 Bc3 60. f3 Kc5 61. Be8 f6 62. Kd3
Be5 63. Bd7 Kd5 64. Bc8 Bd6 65. Bb7+ Ke5 66. Bc8 Bc5 67. Bd7 Kf4 68. Bxe6
Kxf3 69. Bf7 Kg3 70. Ke4 Kxh3 71. Kf5 Bd4 72. Be6 Kg3 73. Kg6 a6 74. Kxh6
b5 75. axb5 axb5 76. Kg6 Kf4 77. Kf7 b4 78. Ke7 Ke3 79. Kd6 Kd2 80. Kc6 Kc2
81. Kb5 b3 82. Kc4 Be5 83. Bf5+ Kb2 84. Kb4 Bd6+ 85. Ka4 Kc3 86. Be6 b2 87.
Bf5 Be5 88. Bg6 Kd2 89. Kb3 Ke3 90. Kc2 Kf3 91. Bf5 Bd4 92. Kb1 Ke3 93. Ka2
Be5 94. Kb1 Kd2 95. Be6 Kc3 96. Bf5 1/2-1/2

[Event "WJun Girls"]
[Site "Yerevan ARM"]
[Date "2006.10.07"]
[Round "5"]
[White "Andriasian,S"]
[Black "Nadig,K"]
[Result "0-1"]
[WhiteElo "2264"]
[BlackElo "2184"]
[EventDate "2006.10.03"]

1. e4 e5 2. Nf3 Nc6 3. Bb5 a6 4. Ba4 Nf6 5. d3 b5 6. Bb3 Bb7 7. O-O Bc5 8.
Nc3 d6 9. a4 b4 10. Ne2 Na5 11. Ba2 Rb8 12. Be3 Bxe3 13. fxe3 O-O 14. Qe1
Bc8 15. Ng3 c5 16. Nf5 b3 17. cxb3 Nxb3 18. Rd1 Bxf5 19. exf5 Qd7 20. a5
Qa4 21. Bxb3 Rxb3 22. Rf2 Rfb8 23. d4 e4 24. Nd2 Rxe3 25. Qxe3 Qxd1+ 26.
Rf1 Qc2 27. b3 Rb5 28. dxc5 Qxc5 29. Qxc5 Rxc5 30. b4 Rc2 31. b5 axb5 32.
Ra1 e3 33. Nb3 Nd7 34. a6 Rc8 35. Kf1 Nb6 36. Nd4 b4 37. Ke2 Kf8 38. Kxe3
Ke8 39. a7 Kd7 40. Ra6 Na8 41. Nb5 Rc6 42. Ra4 Rc4 43. Ra6 Rc5 44. Nd4 b3
45. Ra4 b2 46. Rb4 Ra5 47. Rxb2 Rxa7 48. Rb8 Nc7 49. Rg8 Ne8 50. g4 Ra3+
51. Kf4 Rd3 52. Nf3 h6 53. h4 Ke7 54. g5 hxg5+ 55. hxg5 Rc3 56. Nd4 Rc4 57.
Ke4 Ra4 58. Ke3 Ra3+ 59. Kf4 Rc3 60. Ke4 Rc1 61. Kd5 Rc5+ 62. Ke4 Re5+ 63.
Kf4 Kd7 64. Rf8 Re7 65. Rg8 d5 66. Nb5 Kc6 67. Nc3 d4 68. Ne4 Kd5 69. Nd2
d3 70. Rh8 Re2 71. Nf3 Re4+ 72. Kg3 Nd6 73. Rd8 Kc5 74. f6 g6 75. Rd7 Re2
76. Rc7+ Kd5 77. Ra7 d2 78. Ra1 Nf5+ 79. Kh3 Rf2 80. Ra5+ Ke4 81. Nxd2+
Rxd2 82. Ra7 Nd6 0-1

[Event "WJun Girls"]
[Site "Yerevan ARM"]
[Date "2006.10.07"]
[Round "5"]
[White "Aghabekian,L"]
[Black "Gomes,M"]
[Result "1/2-1/2"]
[WhiteElo "2179"]
[BlackElo "2264"]
[EventDate "2006.10.03"]

1. e4 c5 2. Nf3 d6 3. d4 cxd4 4. Nxd4 Nf6 5. Nc3 a6 6. Bg5 e6 7. f4 Nc6 8.
Nxc6 bxc6 9. e5 h6 10. Bh4 g5 11. fxg5 Nd5 12. Ne4 Qb6 13. Bd3 hxg5 14.
Bxg5 dxe5 15. Nf6+ Nxf6 16. Bxf6 Rg8 17. Qf3 Bb7 18. O-O-O Bh6+ 19. Kb1 Qe3
20. Be4 Qxf3 21. Bxf3 Bg7 22. Bxg7 Rxg7 23. Rhe1 f6 24. c4 c5 25. Bxb7 Rxb7
26. Kc2 Rh7 27. h3 Ke7 28. Re3 Rh4 29. g4 Rah8 30. Rdd3 e4 31. Rxe4 Rxh3
32. a3 a5 33. Rb3 Rh2+ 34. Kd1 Rh1+ 35. Kd2 R8h2+ 36. Re2 Rxe2+ 37. Kxe2
Rg1 38. Kf3 Rc1 39. Rb5 Kd6 40. Rxa5 Rxc4 41. Rb5 Ra4 42. Rb8 Ke5 43. Rc8
Ra5 44. a4 Kd5 45. Rd8+ Ke5 46. Rc8 Kd5 47. Rd8+ Kc4 48. Rd6 Rxa4 49. Rxe6
Kb3 50. Rxf6 Kxb2 51. g5 c4 52. g6 Ra7 53. Rf7 Ra6 54. Rb7+ Kc2 55. g7 Rg6
56. Ke4 c3 57. Kf5 Rg2 58. Kf6 Kc1 1/2-1/2

[Event "WJun Girls"]
[Site "Yerevan ARM"]
[Date "2006.10.07"]
[Round "5"]
[White "Papadopoulou,V"]
[Black "Kharatyan,A"]
[Result "1/2-1/2"]
[WhiteElo "2246"]
[BlackElo "2070"]
[EventDate "2006.10.03"]

1. d4 d5 2. Nf3 e6 3. c4 c6 4. cxd5 exd5 5. Nc3 Nf6 6. Bg5 Be7 7. e3 Nbd7
8. Bd3 O-O 9. O-O Re8 10. h3 Nf8 11. Bxf6 Bxf6 12. b4 a5 13. a3 b5 14. Qc2
Bb7 15. Nd2 Qd6 16. Rab1 axb4 17. axb4 Ra3 18. Nb3 Qxb4 19. Nxb5 cxb5 20.
Nc5 Qc3 21. Qxc3 Rxc3 22. Bxb5 Re7 23. Ba4 Bc8 24. Rb8 Rc7 25. Bb3 Nd7 26.
Nxd7 Rxd7 27. Ra1 Be7 28. g3 Rb7 29. Raa8 Rbxb3 30. Rxc8+ Rxc8 31. Rxc8+
Bf8 32. Kg2 g6 33. Ra8 Rb7 34. Rd8 Rb5 35. Kf3 Kg7 36. Kf4 Be7 37. Rd7 Kf6
38. h4 Ke6 39. Ra7 Rb2 40. Ra6+ Bd6+ 41. Kf3 Rc2 42. Rb6 Ra2 43. Rb5 h5 44.
Rb7 Rc2 45. Ra7 Bb4 46. Ra1 Bc3 47. Ra6+ Kf5 48. Rc6 f6 49. Rc5 Ke6 50.
Rc6+ Ke7 51. Kg2 Rc1 52. Rc7+ Ke6 53. Rc6+ Kf5 54. Rc5 Ke4 55. Rc6 Kf5 56.
Rc5 Ke6 57. Rc6+ Ke7 58. Rc7+ Ke6 59. Rc6+ Kf5 1/2-1/2

[Event "WJun Girls"]
[Site "Yerevan ARM"]
[Date "2006.10.07"]
[Round "5"]
[White "Abrahamyan,T"]
[Black "Mongontuul,B"]
[Result "1/2-1/2"]
[WhiteElo "2292"]
[BlackElo "2383"]
[EventDate "2006.10.03"]

1. e4 e5 2. Nf3 Nf6 3. Nxe5 d6 4. Nf3 Nxe4 5. Nc3 Nxc3 6. dxc3 Be7 7. Bf4
O-O 8. Qd2 Nd7 9. O-O-O Nc5 10. Nd4 Re8 11. f3 Bf6 12. h4 Bxh4 13. g4 h6
14. Kb1 Bg5 15. Bxg5 Qxg5 16. f4 Ne4 17. Qh2 Qxg4 18. Bb5 c6 19. Rdg1 Qh3
20. Qe2 Qxc3 21. bxc3 Nxc3+ 22. Kb2 Nxe2 23. Bxe2 Re4 24. c3 c5 25. Bd3 Re3
26. Nf5 Rxd3 27. Nxh6+ Kf8 28. Nf5 Bxf5 29. Rh8+ Ke7 30. Rxa8 Rd2+ 31. Ka1
Kf6 32. Rxa7 Be4 33. Re1 Bc6 34. Ra8 g6 35. Rd8 Kf5 36. Re7 f6 37. Rf7 Bd5
38. Rfd7 Rxa2+ 39. Kb1 Ra6 40. Rxd6 Rxd6 41. Rxd6 Bc6 42. Kc2 Kxf4 43.
Rxf6+ Ke3 44. Re6+ Be4+ 45. Kd1 g5 46. Ke1 g4 47. Rd6 Bc6 48. Kf1 Bb5+ 49.
Kg2 Bd3 50. Kg3 Kd2 51. Rd7 b6 52. Rd6 Kxc3 53. Rxb6 Be2 54. Kf2 Bf3 55.
Rb8 c4 56. Rc8 Kd3 57. Rd8+ Kc2 58. Rc8 c3 59. Ke3 Kb2 60. Kd3 Be4+ 61.
Kxe4 c2 62. Rxc2+ Kxc2 63. Kf4 1/2-1/2

[Event "WJun Girls"]
[Site "Yerevan ARM"]
[Date "2006.10.07"]
[Round "5"]
[White "Purtseladze,M"]
[Black "Melia,S"]
[Result "0-1"]
[WhiteElo "2329"]
[BlackElo "2395"]
[EventDate "2006.10.03"]

1. d4 d5 2. c4 e6 3. Nc3 Be7 4. Nf3 Nf6 5. Bg5 O-O 6. e3 h6 7. Bh4 Ne4 8.
Bxe7 Qxe7 9. cxd5 Nxc3 10. bxc3 exd5 11. Qb3 Rd8 12. c4 Be6 13. c5 b6 14.
Rc1 bxc5 15. Qa3 Nd7 16. Bb5 Rab8 17. Bxd7 Bxd7 18. O-O Bb5 19. Rfe1 Bc4
20. Ne5 Qd6 21. Nxc4 dxc4 22. dxc5 Qd2 23. Rf1 a5 24. Qa4 c3 25. g3 Qb2 26.
Qxa5 c2 27. Qxc7 Qxa2 28. Rfe1 Rbc8 29. Qb6 Rd5 30. e4 Rdxc5 31. e5 R5c6
32. Qd4 Qa3 33. Kg2 Rc4 34. Qd6 Qa8+ 35. Kg1 Rd8 36. Qb6 Qd5 37. Qb3 Qc6
38. Qe3 Kh8 39. Qa3 Rcd4 40. Qb3 Rd2 41. Rf1 Kg8 42. Qa2 R8d5 43. Qb2 Qc4
44. Qa1 Qd3 45. Qa8+ Kh7 46. Rfe1 Rd1 47. Qc8 Rd8 48. Qc7 Rxc1 49. Rxc1
Qd1+ 50. Kg2 Qxc1 51. Qxd8 Qd1 52. Qc7 c1=Q 53. Qxf7 Qc6+ 0-1

[Event "WJun Girls"]
[Site "Yerevan ARM"]
[Date "2006.10.07"]
[Round "5"]
[White "Kalashyan,V"]
[Black "Hoang Thi Bao Tram"]
[Result "1/2-1/2"]
[WhiteElo "2026"]
[BlackElo "2345"]
[EventDate "2006.10.03"]

1. e4 c6 2. d4 d5 3. Nc3 g6 4. h3 Bg7 5. Nf3 Nf6 6. e5 Ne4 7. Nxe4 dxe4 8.
Ng5 c5 9. e6 Bxe6 10. Nxe6 fxe6 11. dxc5 Qd5 12. c3 Nc6 13. Be3 O-O 14. Qb3
Ne5 15. Rd1 Qc6 16. Bb5 Qc8 17. Bd7 Qc7 18. Bxe6+ Kh8 19. O-O Nd3 20. Bd5
Nxc5 21. Qc4 Rac8 22. Bxc5 Qxc5 23. Qxc5 Rxc5 24. Bxe4 Rc7 25. Rd2 Be5 26.
g3 b6 27. Kg2 Bd6 28. f4 Rc5 29. Bd5 Kg7 30. c4 Rf6 31. Re2 Rc8 32. h4 Rff8
33. Be6 Rc5 34. b4 Rc7 35. b5 Bc5 36. Rd1 Bd6 37. a4 Bc5 38. Kf3 Bd6 39.
Kg4 h5+ 40. Kf3 Rf6 41. Re4 Rb7 42. Rd5 Rb8 43. a5 Rbf8 44. Kg2 Kh6 45. Bd7
Bb4 46. a6 Rd6 47. Rxd6 Bxd6 48. Bc6 Kg7 49. Rd4 Rc8 50. Rd5 Kf6 51. Kf3
Rd8 52. Ke4 e6 53. Rd3 Ke7 54. Kf3 Bc7 55. Rxd8 Bxd8 56. Be4 Kf6 57. g4
hxg4+ 58. Kxg4 Be7 1/2-1/2

[Event "WJun Girls"]
[Site "Yerevan ARM"]
[Date "2006.10.08"]
[Round "6"]
[White "Melia,S"]
[Black "Sachdev,T"]
[Result "1/2-1/2"]
[WhiteElo "2395"]
[BlackElo "2383"]
[EventDate "2006.10.03"]

1. e4 c5 2. Nf3 e6 3. d4 cxd4 4. Nxd4 a6 5. Bd3 Qc7 6. Qe2 d6 7. O-O Nf6 8.
c4 g6 9. Nc3 Bg7 10. Nf3 Nc6 11. h3 O-O 12. Bf4 Nd7 13. Rac1 Nce5 14. Nxe5
Nxe5 15. Rfd1 b6 16. b3 Bb7 17. Bb1 Rab8 18. Qd2 Rfd8 19. Bh6 f5 20. Bxg7
Qxg7 21. Re1 Qf6 22. f4 Nf7 23. Re3 fxe4 24. Nxe4 Bxe4 25. Rxe4 d5 26. cxd5
exd5 27. Rd4 Re8 28. Rxd5 Rbd8 29. Rf1 Rxd5 30. Qxd5 Kg7 31. Kh1 b5 32. b4
Rd8 33. Qf3 Rd4 34. a3 Nd6 35. Ba2 Nc4 36. Bxc4 Rxc4 37. Qg4 Qf5 38. Qg3 h5
39. Qe3 Qf6 40. Qa7+ Kh6 41. Qb8 h4 42. Kh2 Re4 43. Rf3 Rc4 44. Qe5 Qxe5
45. fxe5 Re4 46. Rf6 Rxe5 47. Rxa6 Re1 48. Ra5 Ra1 49. Rxb5 Rxa3 50. Kg1
Ra2 51. Re5 Rb2 52. Re4 g5 53. Rg4 Kg6 54. Kf1 Rd2 55. Ke1 Rd5 56. Rc4 Kf6
57. Ke2 Kg6 58. Ke3 Rd1 59. Rd4 Rg1 60. Rg4 Rd1 61. Ke2 Rd5 62. Rc4 Kh6 63.
Kf3 Rd2 64. Rg4 Kg6 65. Ke4 Kf6 66. Ke3 Rd1 67. Ke2 Rd5 68. Rc4 Kg6 69.
Rc6+ Kh5 70. Rb6 Rd4 71. Rb8 Kg6 72. Ke3 Rd1 73. b5 Rb1 74. Ke4 Rb2 75. b6
Kg7 76. b7 Kh7 77. Kf5 Kg7 78. Rc8 Rxb7 79. Kxg5 Rb2 80. Rc7+ Kf8 1/2-1/2

[Event "WJun Girls"]
[Site "Yerevan ARM"]
[Date "2006.10.08"]
[Round "6"]
[White "Abrahamyan,T"]
[Black "Muhren,B"]
[Result "1/2-1/2"]
[WhiteElo "2292"]
[BlackElo "2336"]
[EventDate "2006.10.03"]

1. e4 c5 2. Nf3 d6 3. d4 cxd4 4. Nxd4 Nf6 5. Nc3 a6 6. Be3 e6 7. f3 b5 8.
g4 Bb7 9. Qd2 Nfd7 10. O-O-O Nb6 11. Bd3 N8d7 12. Qf2 Rc8 13. Nce2 Nc5 14.
Kb1 Qc7 15. g5 Nba4 16. Rc1 g6 17. h4 Bg7 18. h5 d5 19. e5 Bxe5 20. f4 Bg7
21. h6 Bf8 22. f5 gxf5 23. Nxf5 exf5 24. Bd4 Rg8 25. Bxf5 Ne4 26. Qe3 Rg6
27. Nf4 Rxg5 28. Bxh7 Rg3 29. Qe1 Bxh6 30. Nxd5 Bxd5 31. Bxe4 Bxe4 32.
Qxe4+ Qe7 33. Qxe7+ Kxe7 34. Rxh6 Rg6 35. Rh7 Nc5 36. Rf1 Kd6 37. Rfxf7 Rd8
38. b3 Ne6 39. Bf6 Rc8 40. Rd7+ Kc6 41. Be5 Nf8 42. Rc7+ Rxc7 43. Rxc7+ Kb6
44. Rf7 Ne6 45. Kb2 Rg5 46. Bc3 Rg6 47. Bd2 Rg7 48. Rf6 Re7 49. Be3+ Kc6
1/2-1/2

[Event "WJun Girls"]
[Site "Yerevan ARM"]
[Date "2006.10.08"]
[Round "6"]
[White "Darbinian,N"]
[Black "Zhang Jilin"]
[Result "0-1"]
[WhiteElo "2079"]
[BlackElo "2292"]
[EventDate "2006.10.03"]

1. Nf3 Nf6 2. c4 g6 3. Nc3 Bg7 4. e4 d6 5. d4 O-O 6. Be2 c5 7. O-O Bg4 8.
Be3 Nfd7 9. d5 Na6 10. Nd2 Bxe2 11. Qxe2 Nc7 12. f4 a6 13. a4 Rb8 14. Nf3
e6 15. dxe6 Nxe6 16. Rad1 Bxc3 17. bxc3 Qe7 18. Qd3 Ng7 19. e5 Nf5 20. Bf2
Nb6 21. exd6 Qe6 22. a5 Na4 23. Rfe1 Qf6 24. Ne5 Nb2 25. Qd5 Nxd1 26. Rxd1
Rfd8 27. Bxc5 Ne7 28. Qf3 Nc6 29. Nxc6 bxc6 30. Qxc6 Qxc3 31. Bb6 Re8 32.
Qf3 Re1+ 33. Rxe1 Qxe1+ 34. Qf1 Qd2 35. d7 Qxd7 36. h3 Re8 37. Qf3 Qa4 38.
Qd5 Rc8 39. c5 Qxf4 40. Qd7 Qe3+ 41. Kh2 Qe6 42. Qxe6 fxe6 43. Kg3 Kf7 44.
Kf4 Ke7 45. Ke5 Kd7 46. Kf6 Kc6 47. Kxe6 Rf8 48. Ke5 Rf2 49. g4 Rh2 50. g5
Rxh3 51. Kf6 Rh1 52. Kg7 h5 53. Kxg6 Kd5 54. Kh6 h4 55. Kh5 h3 56. Kg4 Ke6
57. Kg3 Kf5 58. Kh4 Kg6 59. Kg4 Kg7 60. Kg3 Kf7 61. Kh4 Ke6 62. Kg4 Ke5 63.
Bc7+ Kd5 64. Bb6 Ke6 65. Kg3 Kf5 66. Kh4 Kf4 67. Bc7+ Kf3 68. g6 Rc1 69.
Kxh3 Rxc5 70. Bd8 Rh5+ 71. Bh4 Rh6 72. g7 Rg6 73. Bd8 Rxg7 74. Kh4 Rg8 75.
Bc7 Ke4 76. Kh3 Kd5 77. Kh2 Kc4 78. Kh3 Kb4 79. Kh4 Rg2 80. Kh5 Ra2 81. Kg4
Rxa5 82. Kh4 0-1

[Event "WJun Girls"]
[Site "Yerevan ARM"]
[Date "2006.10.08"]
[Round "6"]
[White "Schoene,Mar"]
[Black "Darbinyan,A"]
[Result "1-0"]
[WhiteElo "2155"]
[BlackElo "2102"]
[EventDate "2006.10.03"]

1. e4 d5 2. exd5 Qxd5 3. Nc3 Qa5 4. d4 Nf6 5. Bc4 c6 6. Bd2 Bf5 7. Qe2 Nbd7
8. Nb5 Qb6 9. Nd6+ Kd8 10. Nxf7+ Kc8 11. Nxh8 Qxb2 12. Rc1 Qxd4 13. Nf3 Qb2
14. O-O e5 15. Nh4 Bg4 16. f3 Bh5 17. g4 Be8 18. Nf7 h5 19. Ng6 Bc5+ 20.
Be3 Bd4 21. Rfd1 hxg4 22. fxg4 Bxe3+ 23. Qxe3 Nxg4 24. Qb3 Qxb3 25. Bxb3
Kc7 26. h3 Ngf6 27. Ngxe5 Nc5 28. Rd4 Nfe4 29. Rcd1 Nc3 30. Rd8 Nxb3 31.
axb3 Ne2+ 32. Kh2 1-0

[Event "WJun Girls"]
[Site "Yerevan ARM"]
[Date "2006.10.08"]
[Round "6"]
[White "Andriasian,S"]
[Black "Marchadour,E"]
[Result "1-0"]
[WhiteElo "2264"]
[BlackElo "2091"]
[EventDate "2006.10.03"]

1. e4 c5 2. Nf3 e6 3. d4 cxd4 4. Nxd4 Nc6 5. Nc3 Qc7 6. a3 Nf6 7. Be3 a6 8.
Be2 Be7 9. f4 d6 10. O-O O-O 11. Qe1 Nxd4 12. Bxd4 e5 13. Be3 exf4 14. Rxf4
Be6 15. Qg3 d5 16. Bd4 Bc5 17. exd5 Bxd4+ 18. Rxd4 Qc5 19. Qf2 Nxd5 20.
Rxd5 Qxf2+ 21. Kxf2 Bxd5 22. Nxd5 Rfe8 23. Nc7 1-0

[Event "WJun Girls"]
[Site "Yerevan ARM"]
[Date "2006.10.08"]
[Round "6"]
[White "Kadziolka,B"]
[Black "Perez Rodriguez,Je"]
[Result "0-1"]
[WhiteElo "2346"]
[BlackElo "2250"]
[EventDate "2006.10.03"]

1. Nf3 d5 2. c4 c6 3. e3 Nf6 4. Qc2 e6 5. b3 Bd6 6. Bb2 Nbd7 7. Nc3 O-O 8.
Be2 Qe7 9. Rg1 e5 10. g4 Nb6 11. g5 Ne8 12. O-O-O e4 13. Nd4 Bxh2 14. Rh1
Be5 15. f3 Bxd4 16. exd4 f5 17. gxf6 Nxf6 18. fxe4 Nxe4 19. Nxe4 Bf5 20. d3
dxe4 21. dxe4 Bxe4 22. Bd3 Rae8 23. Rxh7 Kxh7 24. Rh1+ Kg8 25. Qh2 Qg5+ 0-1

[Event "WJun Girls"]
[Site "Yerevan ARM"]
[Date "2006.10.08"]
[Round "6"]
[White "Mona,Khaled"]
[Black "Aketaeva,D"]
[Result "0-1"]
[WhiteElo "1994"]
[BlackElo "2312"]
[EventDate "2006.10.03"]

1. d4 Nf6 2. Nf3 e6 3. Nbd2 b6 4. e4 d6 5. c3 Nbd7 6. Bb5 Bb7 7. e5 Ng8 8.
O-O Ne7 9. Nc4 Ng6 10. Bg5 Qc8 11. Ba4 Ba6 12. Bxd7+ Qxd7 13. Qe2 h6 14.
Be3 Qc8 15. b4 d5 16. b5 Bxb5 17. Nd6+ Bxd6 18. Qxb5+ c6 19. Qb3 Be7 20.
Rac1 b5 21. Ne1 Nh4 22. f4 Nf5 23. Bf2 h5 24. Nf3 h4 25. Qb1 a5 26. Rc2 a4
27. Rcc1 Kf8 28. Rfe1 g6 29. h3 Kg7 30. Nh2 Rb8 31. Qd3 Qd7 32. Ng4 Rhc8
33. Qe2 c5 34. Nf6 Qd8 35. dxc5 Bxc5 36. Bxc5 Rxc5 37. Qg4 Rbc8 38. Qg5 Qe7
39. Rb1 Kh8 40. Rb4 Rxc3 41. Rxb5 Rg3 42. Ng4 Qxg5 43. fxg5 Rc2 44. Rb8+
Kg7 45. Nf2 Ne3 46. Rxe3 Rxe3 47. Ng4 Re1+ 48. Kh2 Rcc1 49. Nf2 Rf1 50. Rb2
a3 51. Rd2 Rb1 52. Rc2 Rb2 53. Rc8 Rfxf2 54. Kh1 Rf1+ 55. Kh2 Rbb1 0-1

[Event "WJun Girls"]
[Site "Yerevan ARM"]
[Date "2006.10.08"]
[Round "6"]
[White "Rudolf,An"]
[Black "Videnova,I"]
[Result "1/2-1/2"]
[WhiteElo "2265"]
[BlackElo "2141"]
[EventDate "2006.10.03"]

1. e4 c5 2. Nf3 d6 3. d4 cxd4 4. Nxd4 Nf6 5. Nc3 g6 6. Be3 Bg7 7. f3 O-O 8.
Qd2 Nc6 9. Bc4 Bd7 10. O-O-O Ne5 11. Bb3 Qa5 12. h4 Rfc8 13. Bg5 Rc5 14.
Bxf6 Bxf6 15. Nd5 Qxd2+ 16. Rxd2 Kg7 17. Ne2 Bc6 18. Nec3 b5 19. h5 b4 20.
h6+ Kf8 21. Ne2 Bxd5 22. Bxd5 Rac8 23. Kb1 Nc4 24. Bxc4 Rxc4 25. Nc1 a5 26.
Nd3 a4 27. Re2 e6 28. g3 Rd4 29. Rd1 Bg5 30. f4 Bxh6 31. Rh1 Bg7 32. Rxh7
b3 33. axb3 axb3 34. e5 dxe5 35. fxe5 bxc2+ 36. Rxc2 Rcd8 37. Nc5 Bxe5 38.
Rf2 Kg8 39. Rhxf7 Rd1+ 40. Kc2 R1d2+ 41. Rxd2 Rxd2+ 42. Kxd2 Kxf7 43. g4
Bxb2 44. Ne4 Ke7 45. Ke2 Kd7 46. Kf3 Kc6 47. Ng5 Kd5 48. Ne4 1/2-1/2

[Event "WJun Girls"]
[Site "Yerevan ARM"]
[Date "2006.10.08"]
[Round "6"]
[White "Kharatyan,A"]
[Black "Arutyunova,D"]
[Result "1-0"]
[WhiteElo "2070"]
[BlackElo "2362"]
[EventDate "2006.10.03"]

1. e4 e6 2. d3 d5 3. Nd2 Nf6 4. Ngf3 Bc5 5. e5 Nfd7 6. c3 f6 7. exf6 Qxf6
8. Nb3 Bd6 9. d4 O-O 10. Bg5 Qf7 11. Be3 Qf6 12. Bd3 e5 13. dxe5 Nxe5 14.
Nxe5 Qxe5 15. Nd4 h6 16. Qc2 c5 17. Nf3 Qf6 18. O-O-O Be6 19. h4 Bf5 20.
Bxf5 Qxf5 21. Qb3 Nc6 22. Rxd5 Na5 23. Qd1 Qg4 24. Rxd6 Nc4 25. Rd7 Nb6 26.
Rd3 c4 27. Rd4 Qxg2 28. Ne5 Rfe8 29. Rg1 Qh2 30. Ng4 Qc7 31. Nxh6+ Kh8 32.
Qh5 1-0

[Event "WJun Girls"]
[Site "Yerevan ARM"]
[Date "2006.10.08"]
[Round "6"]
[White "Mikadze,M"]
[Black "Dolgova,O"]
[Result "1/2-1/2"]
[WhiteElo "2229"]
[BlackElo "2259"]
[EventDate "2006.10.03"]

1. e4 c6 2. d4 d5 3. exd5 cxd5 4. c4 Nf6 5. Nc3 e6 6. Bg5 Be7 7. c5 O-O 8.
Nf3 b6 9. b4 a5 10. Na4 Nfd7 11. Bxe7 Qxe7 12. a3 axb4 13. axb4 e5 14. Bb5
exd4+ 15. Qe2 Qf6 16. O-O bxc5 17. bxc5 Ba6 18. Rab1 Ra7 19. Rfd1 Bxb5 20.
Qxb5 Nc6 21. Nb6 Nxb6 22. cxb6 Ra5 23. Qd3 Rb8 24. Nxd4 Nxd4 25. Qxd4 Qxd4
26. Rxd4 Rxb6 27. Rbd1 Rd6 28. g3 Kf8 29. Re1 Rc5 30. Ra4 Rc8 31. Ra7 Re6
32. Rb1 Re7 33. Ra5 Rd8 34. Rd1 d4 35. Kg2 f6 36. Kf3 Re5 37. Rxe5 fxe5 38.
Ke4 Re8 39. f4 exf4+ 40. Kxf4 Re2 41. h4 Rf2+ 42. Kg4 Kf7 43. Rxd4 1/2-1/2

[Event "WJun Girls"]
[Site "Yerevan ARM"]
[Date "2006.10.08"]
[Round "6"]
[White "Harika,D"]
[Black "Hou Yifan"]
[Result "1/2-1/2"]
[WhiteElo "2353"]
[BlackElo "2481"]
[EventDate "2006.10.03"]

1. c4 c5 2. Nc3 Nc6 3. g3 g6 4. Bg2 Bg7 5. e3 d6 6. d3 e5 7. Rb1 Nge7 8.
Nge2 O-O 9. O-O Rb8 10. a3 a6 11. b4 cxb4 12. axb4 b5 13. cxb5 axb5 14. d4
exd4 15. Nxd4 Ne5 16. e4 h6 17. Nd5 Bg4 18. Qb3 Rc8 19. h3 Bd7 20. Rd1 Nc4
21. Bb2 Nxd5 22. exd5 Nxb2 23. Rxb2 Rc4 24. Rbd2 Qb6 25. Ne2 Rfc8 26. Qa3
Kh7 27. Ra2 Bf5 28. Qa7 Qxa7 29. Rxa7 Rxb4 30. Rxf7 Kg8 31. Rb7 Bc2 32. Rd2
g5 33. Bf3 Bf5 34. Kg2 Rc2 35. Rxc2 Bxc2 36. g4 Rb1 37. Ng3 Bd3 38. Be4
Bxe4+ 39. Nxe4 Be5 40. Rb6 b4 41. Nxd6 b3 42. Nc4 Bd4 43. Rb8+ Kf7 44. Nd2
Rb2 45. Ne4 Rb1 46. Rb7+ Ke8 47. Nd2 Rb2 48. Nxb3 Rxf2+ 49. Kg3 Rf4 50. d6
Re4 51. Nxd4 Rxd4 52. Re7+ Kf8 53. Re6 Kf7 54. Rxh6 Kg7 55. Re6 Kf7 56. Re5
Rd3+ 57. Kf2 Kf6 58. Rf5+ Kg6 59. Rc5 Rxd6 60. Ke3 Ra6 61. Rd5 Ra3+ 62. Rd3
Ra4 63. Rd6+ Kf7 64. Rd4 Ra3+ 65. Ke4 Ke6 66. Rb4 Ra6 67. Kd4 Rd6+ 68. Ke3
Ra6 69. Ke4 Kf6 70. Rb5 Ra4+ 71. Kd5 Ra3 72. Rb6+ Kf7 73. Ke4 Ra4+ 74. Kd5
Ra3 75. Rb5 Rxh3 76. Ke4 Kf6 77. Rb6+ Kg7 78. Kf5 Ra3 79. Rb7+ Kh6 80. Rb6+
Kg7 81. Kxg5 Ra5+ 82. Kh4 Rc5 83. Re6 Ra5 84. Re4 Kg6 85. Rb4 Rc5 86. Rb6+
Kg7 87. Re6 Ra5 88. Kg3 Ra3+ 89. Kf4 Ra4+ 90. Kf5 Ra5+ 91. Kf4 Ra4+ 92. Kg5
Ra5+ 93. Kh4 Kf7 94. Rb6 Kg7 95. g5 Ra1 96. Rb4 Rh1+ 1/2-1/2

[Event "WJun Girls"]
[Site "Yerevan ARM"]
[Date "2006.10.08"]
[Round "6"]
[White "Hoang Thi Bao Tram"]
[Black "Topel,Z"]
[Result "1-0"]
[WhiteElo "2345"]
[BlackElo "2256"]
[EventDate "2006.10.03"]

1. e4 c5 2. Nc3 d6 3. g3 Nc6 4. Bg2 g6 5. Nge2 Bg7 6. d3 e6 7. Be3 Nd4 8.
Rb1 Ne7 9. a3 O-O 10. b4 b6 11. bxc5 bxc5 12. O-O Nec6 13. e5 d5 14. f4 f6
15. exf6 Bxf6 16. Bf2 Bd7 17. Nxd4 cxd4 18. Ne2 Qa5 19. Rb7 Bc8 20. Rb3 Rf7
21. Qa1 Qa4 22. Qb2 Rc7 23. Re1 Bd7 24. Rb7 Rac8 25. Rxc7 Rxc7 26. h4 Bc8
27. g4 Rb7 28. Qc1 Ne7 29. f5 gxf5 30. Nf4 Qc6 31. Nh5 e5 32. Qh6 Rb6 33.
Bxd4 Ng6 34. Nxf6+ Qxf6 35. Bxd5+ Be6 36. Rxe5 fxg4 37. Re4 Rb1+ 38. Kh2
g3+ 39. Kxg3 Rg1+ 40. Kh2 1-0

[Event "WJun Girls"]
[Site "Yerevan ARM"]
[Date "2006.10.08"]
[Round "6"]
[White "Gomes,M"]
[Black "Alaverdyan,L"]
[Result "1/2-1/2"]
[WhiteElo "2264"]
[BlackElo "1954"]
[EventDate "2006.10.03"]

1. Nf3 Nf6 2. c4 g6 3. Nc3 Bg7 4. g3 O-O 5. Bg2 d6 6. d4 c6 7. O-O Qc7 8.
e4 Bg4 9. h3 Bxf3 10. Bxf3 Nbd7 11. Bg2 a6 12. f4 e6 13. Be3 Ne8 14. Qe2
Rb8 15. a4 b6 16. Qf2 c5 17. d5 e5 18. f5 f6 19. fxg6 hxg6 20. g4 Rf7 21.
h4 Nf8 22. Qg3 Qd8 23. Rf2 Rbb7 24. Raf1 g5 25. Rf5 Bh6 26. hxg5 Bxg5 27.
Bxg5 fxg5 28. Qf3 Rxf5 29. exf5 Nf6 30. Ne4 Nxe4 31. Qxe4 Qf6 32. Rf3 a5
33. Qe3 Re7 34. Rf2 Nd7 35. Be4 Rh7 36. Qg3 Rh4 37. Rh2 Rxh2 38. Qxh2 Qh8
1/2-1/2

[Event "WJun Girls"]
[Site "Yerevan ARM"]
[Date "2006.10.08"]
[Round "6"]
[White "Buttner,N"]
[Black "Papadopoulou,V"]
[Result "1/2-1/2"]
[WhiteElo "2068"]
[BlackElo "2246"]
[EventDate "2006.10.03"]

1. e4 c5 2. Nf3 d6 3. d4 cxd4 4. Nxd4 Nf6 5. Nc3 a6 6. Be2 e5 7. Nb3 Be7 8.
O-O O-O 9. a4 b6 10. f4 Bb7 11. Bf3 Qc7 12. f5 Rd8 13. Bg5 Nbd7 14. Qe2
Rac8 15. Rfd1 Nc5 16. Nxc5 Qxc5+ 17. Be3 Qb4 18. Bd2 Qc4 19. Bg5 Kf8 20.
Bxf6 Bxf6 21. Ra3 Bg5 22. Qxc4 Be3+ 23. Kf1 Rxc4 24. Rb3 Bd4 25. Ne2 Bc5
26. Nc3 Rc8 27. Be2 Rd4 28. Bd3 Ke7 29. Ra1 Rd8 30. Ne2 Rxe4 31. Bxe4 Bxe4
32. Ng3 Bd5 33. Rc3 Kd7 34. Rd1 Bd4 35. b3 Bxg2+ 36. Kxg2 Bxc3 37. Ne4 Bd4
38. c3 Be3 39. Rxd6+ Kc7 40. Rxd8 Kxd8 41. Nd6 f6 42. Nc4 Bc1 43. Nxb6 Kc7
44. Nd5+ Kd6 45. c4 Kc5 46. Nc7 a5 47. Ne6+ Kb4 48. Kf3 Kxb3 49. c5 Ba3 50.
c6 Bd6 51. Nxg7 Kxa4 52. Ne8 Bb8 53. Nxf6 Kb5 54. Nd7 Bd6 55. Ke4 Kxc6 56.
Nxe5+ Kb5 57. Kd5 Bf8 58. Nc4 a4 59. f6 h5 60. h4 Kb4 61. Kd4 Kb3 62. Kd3
Bb4 63. Nd2+ Kb2 64. Nc4+ Kb3 65. Nd2+ Kb2 66. Nc4+ Kb3 1/2-1/2

[Event "WJun Girls"]
[Site "Yerevan ARM"]
[Date "2006.10.08"]
[Round "6"]
[White "Hamrakulova,Y"]
[Black "Martirosyan,L"]
[Result "1-0"]
[WhiteElo "2209"]
[BlackElo "2111"]
[EventDate "2006.10.03"]

1. d4 d5 2. Nf3 Nf6 3. c4 c6 4. Qc2 e6 5. e3 Nbd7 6. Nc3 Bd6 7. Bd3 O-O 8.
O-O e5 9. cxd5 cxd5 10. e4 exd4 11. Nxd5 Nxd5 12. exd5 h6 13. Qc4 Ne5 14.
Nxe5 Bxe5 15. f4 Bf6 16. Bd2 a5 17. b4 b6 18. bxa5 Ba6 19. Qb3 Bxd3 20.
Qxd3 bxa5 21. Qb5 Qd6 22. Rac1 Rfd8 23. Rc5 Be7 24. Rfc1 Qg6 25. Rc6 Qf5
26. Re1 Bf6 27. Rc5 d3 28. Qc4 Rdc8 29. Rc6 Rd8 30. d6 Rd7 31. Rc8+ Rd8 32.
Rxa8 Rxa8 33. Re3 Rb8 34. Rxd3 Rb1+ 35. Kf2 Bh4+ 36. g3 Bd8 37. Rb3 Bb6+
38. Be3 Bxe3+ 39. Rxe3 Rd1 40. Re5 Qd7 41. Qe4 f5 42. Qxf5 Qxf5 43. Rxf5 a4
44. Ra5 Rxd6 45. Ke3 Re6+ 46. Kf3 Rc6 47. Rxa4 Rc2 48. h4 h5 49. f5 Kf7 50.
Kf4 Rc3 51. Ra7+ Kf6 52. Ra6+ Kf7 53. Ra4 Kf6 54. g4 hxg4 55. Kxg4 Rc1 56.
Ra6+ Kf7 57. Ra7+ Kf6 58. Ra6+ Kf7 59. a4 Rg1+ 60. Kf4 Rf1+ 61. Kg5 Rg1+
62. Kh5 Rf1 63. Kg5 Rg1+ 64. Kf4 Rf1+ 65. Ke5 Re1+ 66. Kd5 Rh1 67. Re6 Rxh4
68. Re4 Rh1 69. Kc6 Kf6 70. Rf4 Ra1 71. Kb5 Rb1+ 72. Ka6 1-0